| 000 | 01112nam a22001697a 4500 | ||
|---|---|---|---|
| 005 | 20241010145949.0 | ||
| 008 | 241010b ||||| |||| 00| 0 eng d | ||
| 040 | _cSSBUL | ||
| 082 |
_223 _a၂၉၄.၃၄၃၅၀၉ ညောင် _b၁၃၁၈၆ S-SAT |
||
| 100 | 0 |
_aညောင်ကန်အေးဆရာတော်။ _955010 |
|
| 245 | 1 |
_aအင်္ဂလန်နိုင်ငံ ဘာမင်ဂန်မြို့ ဓမ္မတဠာက ကမ္ဘာအေးစေတီတော် ပြီးမြောက်အောင်မြင် ပူဇာသဘင်မှတ်တမ်း / _cညောင်ကန်အေးဆရာတော်။ |
|
| 260 |
_aရန်ကုန် ၊ _bမြန်မာနိုင်ငံထေရဝါဒဗုဒ္ဓသာသနာပြုအဖွဲ့၊ _c[၁၉၉၉]။ |
||
| 300 |
_a၈၆ စာမျက်နှာ ၊ _c၁၉ စင်တီ။ |
||
| 500 | _aS-SAT: Dr. Sai Aung Tun | ||
| 650 |
_aကမ္ဘာအေးစေတီတေ် _zအင်္ဂလန်နိုင်ငံ _955011 |
||
| 942 |
_2ddc _cBK1 |
||
| 999 |
_c40967 _d40967 |
||